Holiday Quiz

Random Holiday or Alphabet Quiz

Halloween Images (A-Z) Quiz Stats

Quiz Updated Oct 13, 2016

Challenge
Share
Tweet
Score 0/25 Timer 05:00
1 Play Today
% Correct
Black Cat
98%
Ghost
96.2%
Mummy
94.1%
Apples
94.1%
Witch
93.2%
Candy Corn
91.1%
Jack-o'-lantern
90.4%
Vampire
90.4%
Lightning
90.3%
Zombie
89.9%
Full Moon
89.8%
Trick or Treat!
88.7%
Kit Kat
88.4%
% Correct
Scream
87.8%
The X-Files
76.5%
Undead
66.8%
The Rocky Horror Picture Show
66.2%
The Exorcist
65.8%
Hocus Pocus
65.4%
It
65.3%
A Nightmare on Elm Street
64.7%
Young Frankenstein
60.6%
The Omen
58.6%
Pop Rocks
38.7%
Donnie Darko
34.5%

You're not logged in!

Compare scores with friends on all Sporcle quizzes.
Sign Up with Email
OR
Log In

You Might Also Like...

Show Comments

Extras

Top Quizzes Today


Score Distribution

Your Account Isn't Verified!

In order to create a playlist on Sporcle, you need to verify the email address you used during registration. Go to your Sporcle Settings to finish the process.